| 000 | 005850000a22001810004500 | ||
|---|---|---|---|
| 003 | MACL | ||
| 005 | 20160525125452.0 | ||
| 008 | 160525b xxu||||| |||| 00| 0 eng d | ||
| 040 |
_aMACL _cMACL |
||
| 041 | _aHindi | ||
| 082 | _a891.432 KHU | ||
| 100 |
_aखुबालकर, उमाकांत _959388 |
||
| 245 |
_aपेपर वाला _cउमाकांत खुबालकर |
||
| 260 |
_bपराग प्रकाशन _c2003 _aनई दिल्ली |
||
| 350 | _a75 | ||
| 650 |
_aIndian Literature Drama _959389 |
||
| 942 |
_cHIN _k891.432/KHU/D _2ddc |
||
| 999 |
_c18622 _d18622 |
||